[Event "Copenhagen-ch Obro 75th"]
[Site "Copenhagen"]
[Date "2011.10.17"]
[Round "4"]
[White "Nielsen, Steffen"]
[Black "Bekker Jensen, Simon"]
[Result "0-1"]
[WhiteElo "2190"]
[BlackElo "2409"]
[PlyCount "76"]
[EventDate "2011.10.14"]
[EventType "swiss"]
[EventRounds "9"]
[EventCountry "DEN"]
[SourceTitle "EXT 2018"]
[Source "ChessBase"]
[SourceDate "2017.10.13"]
[SourceVersion "1"]
[SourceVersionDate "2017.10.13"]
[SourceQuality "1"]

1. e4 c5 2. Nf3 d6 3. d4 Nf6 4. Nc3 cxd4 5. Nxd4 a6 6. Bg5 Nbd7 7. f4 Qc7 8. Qf3 h6 9. Bxf6 Nxf6 10. Bd3 g6 11. h3 Bg7 12. 0-0-0 0-0 13. g4 e5 14. Nde2 exf4 15. Nxf4 Qc5 16. Rhf1 Be6 17. Kb1 Qe5 18. Rf2 b5 19. Nfd5 Bxd5 20. exd5 b4 21. Re2 Qd4 22. Na4 Nd7 23. Re4 Qxd5 24. Bc4 Qc6 25. Bb3 Ne5 26. Qe2 a5 27. h4 Kh8 28. h5 g5 29. Bd5 Qxa4 30. Bxa8 Rxa8 31. Rxd6 Qe8 32. Qd1 Qe7 33. Qd5 Rc8 34. Re1 Qc7 35. Re2 Qc4 36. Qd1 Qxg4 37. Qe1 Nc4 38. Re4 Qf5 0-1

[Event "Bergamo op 8th"]
[Site "Bergamo"]
[Date "2009.07.19"]
[Round "5"]
[White "Nielsen, Steffen"]
[Black "Rombaldoni, Axel"]
[Result "0-1"]
[WhiteElo "2206"]
[BlackElo "2425"]
[PlyCount "74"]
[EventDate "2009.07.17"]
[EventType "swiss"]
[EventRounds "6"]
[EventCountry "ITA"]
[SourceTitle "EXT 2012"]
[Source "ChessBase"]
[SourceDate "2011.11.24"]
[SourceVersion "1"]
[SourceVersionDate "2011.11.24"]
[SourceQuality "1"]

1. e4 c5 2. Nf3 a6 3. d4 cxd4 4. Nxd4 Nf6 5. Nc3 e5 6. Nde2 Bc5 7. Ng3 Qb6 8. Qf3 Nc6 9. Bd3 Nd4 10. Qd1 Nb5 11. Bxb5 Bxf2+ 12. Ke2 axb5 13. Nf5 0-0 14. Bg5 Bd4 15. Bxf6 Qxf6 16. Nd5 Qg5 17. Nxd4 exd4 18. Qxd4 Ra4 19. b4 d6 20. Ne3 Be6 21. Rhf1 Ra3 22. Rf3 Rc8 23. Rg3 Qh6 24. Rd1 Rc6 25. Nf5 Qh5+ 26. Ke1 Rxg3 27. Nxg3 Qxh2 28. Qf2 g6 29. Rd3 Qh6 30. Rd2 Bxa2 31. Qa7 Qh4 32. Rd3 Be6 33. Qb8+ Kg7 34. Qxb7 Rxc2 35. Qb6 Qf4 36. Qd4+ Kg8 37. Kd1 Qc1# 0-1

[Event "Bergamo op 8th"]
[Site "Bergamo"]
[Date "2009.07.18"]
[Round "3"]
[White "Nielsen, Steffen"]
[Black "Regorda, Massimiliano"]
[Result "1-0"]
[WhiteElo "2206"]
[BlackElo "1920"]
[PlyCount "59"]
[EventDate "2009.07.17"]
[EventType "swiss"]
[EventRounds "6"]
[EventCountry "ITA"]
[SourceTitle "EXT 2012"]
[Source "ChessBase"]
[SourceDate "2011.11.24"]
[SourceVersion "1"]
[SourceVersionDate "2011.11.24"]
[SourceQuality "1"]

1. e4 e5 2. Nf3 Nc6 3. Bc4 Be7 4. 0-0 Nf6 5. d4 d6 6. d5 Nb8 7. Nbd2 0-0 8. Re1 c6 9. dxc6 Nxc6 10. Nf1 Bg4 11. c3 Rc8 12. Bb3 Nd7 13. Ng3 Nc5 14. Bd5 Bh4 15. Nf5 Bxf5 16. exf5 Bf6 17. g4 Ne7 18. g5 Nxd5 19. Qxd5 Be7 20. Kh1 e4 21. f6 Bxf6 22. gxf6 Qxf6 23. Ng5 h6 24. Nxe4 Qf3+ 25. Kg1 Rce8 26. Re3 Qg4+ 27. Ng3 Rxe3 28. Bxe3 Re8 29. Bxc5 dxc5 30. Qxc5 1-0

[Event "Bergamo op 8th"]
[Site "Bergamo"]
[Date "2009.07.17"]
[Round "2"]
[White "Lazic, Miroljub"]
[Black "Nielsen, Steffen"]
[Result "1-0"]
[WhiteElo "2454"]
[BlackElo "2206"]
[PlyCount "57"]
[EventDate "2009.07.17"]
[EventType "swiss"]
[EventRounds "6"]
[EventCountry "ITA"]
[SourceTitle "EXT 2012"]
[Source "ChessBase"]
[SourceDate "2011.11.24"]
[SourceVersion "1"]
[SourceVersionDate "2011.11.24"]
[SourceQuality "1"]

1. d4 Nf6 2. g3 g6 3. Bg2 Bg7 4. e4 d6 5. Nc3 0-0 6. h3 c5 7. dxc5 dxc5 8. Qxd8 Rxd8 9. e5 Ne8 10. f4 Na6 11. a3 f6 12. exf6 exf6 13. Be3 Rb8 14. Nge2 f5 15. Bd5+ Kf8 16. 0-0-0 Nec7 17. Bf3 Re8 18. Bf2 Be6 19. g4 b6 20. gxf5 Bxf5 21. Ng3 Be6 22. Nge4 Rbd8 23. Nd6 Bh6 24. Nxe8 Bxf4+ 25. Kb1 Rxe8 26. Bg4 Nb8 27. Rhf1 Bxg4 28. hxg4 g5 29. Bg3 1-0

[Event "DEN-chT 0809"]
[Site "Denmark"]
[Date "2009.03.21"]
[Round "8.5"]
[White "Bekker Jensen, Simon"]
[Black "Nielsen, Steffen"]
[Result "1-0"]
[WhiteElo "2410"]
[BlackElo "2237"]
[PlyCount "73"]
[EventDate "2008.11.01"]
[EventType "team-tourn"]
[EventRounds "9"]
[EventCountry "DEN"]
[SourceTitle "EXT 2023"]
[Source "ChessBase"]
[SourceDate "2022.10.05"]
[SourceVersion "1"]
[SourceVersionDate "2022.10.05"]
[SourceQuality "1"]
[WhiteTeam "Helsinge"]
[BlackTeam "Aalborg"]
[WhiteTeamCountry "DEN"]
[BlackTeamCountry "DEN"]

1. d4 Nf6 2. c4 g6 3. Nc3 Bg7 4. e4 d6 5. Be2 0-0 6. Bg5 a6 7. Qd2 c5 8. d5 b5 9. cxb5 Nbd7 10. f3 axb5 11. Bxb5 Ba6 12. Bxa6 Rxa6 13. Nge2 Qa8 14. 0-0 Rb8 15. Rab1 Ne8 16. f4 Nef6 17. Qc2 Rab6 18. Bh4 Qa6 19. h3 Rb4 20. b3 Re8 21. Bf2 e6 22. dxe6 Rxe6 23. Ng3 Qa8 24. Rbd1 Qb8 25. Qd3 h5 26. Rfe1 Bh6 27. e5 dxe5 28. f5 e4 29. Ncxe4 Nxe4 30. fxe6 Nxf2 31. Qxd7 Nxh3+ 32. Kh2 Ng5 33. Qd8+ Kg7 34. Qxb8 Rxb8 35. e7 Ne6 36. Rxe6 fxe6 37. Rd8 1-0

[Event "DEN-chT 0708"]
[Site "Denmark"]
[Date "2007.11.10"]
[Round "1.5"]
[White "Nielsen, Steffen"]
[Black "Boe, Mads"]
[Result "1/2-1/2"]
[WhiteElo "2226"]
[BlackElo "2355"]
[PlyCount "30"]
[EventDate "2007.11.10"]
[EventType "team-tourn"]
[EventRounds "9"]
[EventCountry "DEN"]
[SourceTitle "EXT 2023"]
[Source "ChessBase"]
[SourceDate "2022.10.05"]
[SourceVersion "1"]
[SourceVersionDate "2022.10.05"]
[SourceQuality "1"]
[WhiteTeam "Aalborg"]
[BlackTeam "Aarhus/Skolerne"]
[WhiteTeamCountry "DEN"]
[BlackTeamCountry "DEN"]

1. e4 c6 2. d4 d5 3. Nc3 dxe4 4. Nxe4 Bf5 5. Ng3 Bg6 6. Bc4 e6 7. N1e2 Bd6 8. 0-0 Ne7 9. Nf4 Qc7 10. Qf3 Nd5 11. Nfh5 Rg8 12. Ne4 Be7 13. Bb3 Nd7 14. c4 Bxh5 15. Qxh5 N5f6 1/2-1/2

[Event "DEN-chT 0607"]
[Site "Denmark"]
[Date "2007.01.14"]
[Round "5.6"]
[White "Jakobsen, Peter"]
[Black "Nielsen, Steffen"]
[Result "1-0"]
[WhiteElo "2206"]
[BlackElo "2218"]
[PlyCount "79"]
[EventDate "2006.11.04"]
[EventType "team-tourn"]
[EventRounds "9"]
[EventCountry "DEN"]
[SourceTitle "EXT 2023"]
[Source "ChessBase"]
[SourceDate "2022.10.05"]
[SourceVersion "1"]
[SourceVersionDate "2022.10.05"]
[SourceQuality "1"]
[WhiteTeam "Nordkalotten"]
[BlackTeam "Aalborg"]
[WhiteTeamCountry "DEN"]
[BlackTeamCountry "DEN"]

1. e4 Nf6 2. e5 Nd5 3. d4 d6 4. c4 Nb6 5. exd6 cxd6 6. Nc3 g6 7. Be3 Bg7 8. Rc1 Nc6 9. d5 Ne5 10. Be2 0-0 11. b3 Ned7 12. Nf3 Nf6 13. h3 Re8 14. 0-0 Nbd7 15. Qd2 Nc5 16. Nd4 Bd7 17. Bf3 Bc8 18. b4 Ncd7 19. Nb3 Nb6 20. Na5 Nbd7 21. Rfd1 Ne5 22. Be2 Rf8 23. f4 Ned7 24. Bf3 Re8 25. Qf2 Bh6 26. g4 Bg7 27. Bxa7 Nc5 28. Nb5 Nfd7 29. Qd2 Na6 30. a3 g5 31. Bd4 Bxd4+ 32. Nxd4 gxf4 33. Qxf4 Ne5 34. Be4 Nc5 35. Bc2 e6 36. bxc5 Rxa5 37. Nb5 Rxb5 38. cxb5 exd5 39. Rxd5 Qh4 40. cxd6 1-0

[Event "DEN-ch cand"]
[Site "Aalborg"]
[Date "2006.04.14"]
[Round "4"]
[White "Nielsen, Steffen"]
[Black "Jorgensen, Brian Jorgen"]
[Result "1-0"]
[WhiteElo "2255"]
[BlackElo "2196"]
[PlyCount "89"]
[EventDate "2006.04.11"]
[EventType "swiss"]
[EventRounds "7"]
[EventCountry "DEN"]
[SourceTitle "EXT 2018"]
[Source "ChessBase"]
[SourceDate "2017.10.13"]
[SourceVersion "1"]
[SourceVersionDate "2017.10.13"]
[SourceQuality "1"]

1. e4 g6 2. d4 Bg7 3. Nc3 d6 4. f4 a6 5. Nf3 b5 6. a4 b4 7. Nb1 d5 8. e5 e6 9. Nbd2 Ne7 10. Nb3 Nd7 11. a5 c5 12. dxc5 Qc7 13. Be3 Nf5 14. Bf2 Bf8 15. g4 Ne7 16. h3 Nc6 17. Qd2 Rb8 18. Be2 f6 19. 0-0 fxe5 20. Nxe5 Ncxe5 21. fxe5 Bg7 22. c6 Nxe5 23. Bg3 Qxc6 24. Rae1 Rb7 25. Bxa6 Qxa6 26. Bxe5 Bxe5 27. Rxe5 Qd6 28. Qf4 Re7 29. Rf2 Rg8 30. Nd4 Qc5 31. Kh2 g5 32. Qe3 Rg6 33. c3 bxc3 34. bxc3 h6 35. Kg2 Ba6 36. Qe1 Bd3 37. a6 Be4+ 38. Qxe4 dxe4 39. Rxc5 e5 40. a7 Rxa7 41. Rxe5+ Kd7 42. Rxe4 Ra1 43. Nf5 Rc1 44. Rd2+ Kc7 45. Rc4+ 1-0

[Event "DEN-ch cand"]
[Site "Aalborg"]
[Date "2006.04.11"]
[Round "1"]
[White "Nielsen, Steffen"]
[Black "Skovgaard, Peter Nicolai"]
[Result "0-1"]
[WhiteElo "2255"]
[BlackElo "2145"]
[PlyCount "82"]
[EventDate "2006.04.11"]
[EventType "swiss"]
[EventRounds "7"]
[EventCountry "DEN"]
[SourceTitle "EXT 2018"]
[Source "ChessBase"]
[SourceDate "2017.10.13"]
[SourceVersion "1"]
[SourceVersionDate "2017.10.13"]
[SourceQuality "1"]

1. e4 c5 2. Nf3 d6 3. d4 cxd4 4. Nxd4 Nf6 5. Nc3 g6 6. Be2 Bg7 7. h4 h5 8. Bg5 Nc6 9. Nb3 Be6 10. Qd2 Rc8 11. f3 Ne5 12. 0-0-0 Bc4 13. f4 Bxe2 14. Qxe2 Nc4 15. Bxf6 Bxf6 16. e5 Bg7 17. Rd4 Na5 18. Nxa5 Qxa5 19. exd6 0-0 20. Rd5 Qb4 21. dxe7 Rfe8 22. Nd1 Rxe7 23. Qd2 Qa4 24. Kb1 Kh7 25. Qd3 Qxf4 26. g3 Qg4 27. Rf1 Rcc7 28. Rf4 Qe2 29. Rf2 Qxd3 30. Rxd3 Rcd7 31. Rff3 f5 32. a4 Kh6 33. c4 Rxd3 34. Rxd3 Re4 35. b3 Rd4 36. Kc2 Rxd3 37. Kxd3 Be5 38. Ne3 Bxg3 39. Ng2 g5 40. hxg5+ Kxg5 41. Ke3 Kg4 0-1

[Event "DEN-chT 0506"]
[Site "Denmark"]
[Date "2006.02.05"]
[Round "6.6"]
[White "Lindfeldt, Jan Magnus"]
[Black "Nielsen, Steffen"]
[Result "1/2-1/2"]
[WhiteElo "2231"]
[BlackElo "2222"]
[PlyCount "57"]
[EventDate "2005.11.05"]
[EventType "team-tourn"]
[EventRounds "9"]
[EventCountry "DEN"]
[SourceTitle "EXT 2023"]
[Source "ChessBase"]
[SourceDate "2022.10.05"]
[SourceVersion "1"]
[SourceVersionDate "2022.10.05"]
[SourceQuality "1"]
[WhiteTeam "Copenhagen 68"]
[BlackTeam "Aalborg"]
[WhiteTeamCountry "DEN"]
[BlackTeamCountry "DEN"]

1. e4 e5 2. Nf3 Nc6 3. Bb5 a6 4. Ba4 Nf6 5. 0-0 Be7 6. Re1 b5 7. Bb3 Bb7 8. d4 Nxd4 9. Bxf7+ Kf8 10. Bd5 c6 11. Nxe5 cxd5 12. Qxd4 dxe4 13. Qd1 d6 14. Ng4 Kf7 15. Nc3 Re8 16. Be3 Rc8 17. a3 Rc4 18. Nxf6 Bxf6 19. Qh5+ Kg8 20. Rad1 Re5 21. Qe2 Rf5 22. Rd2 Be5 23. h3 Rf8 24. Red1 Qe8 25. Bd4 Bf4 26. Be3 Be5 27. Bd4 Bf4 28. Be3 Be5 29. Bd4 1/2-1/2

[Event "DEN-chT 0506"]
[Site "Denmark"]
[Date "2006.01.15"]
[Round "5.6"]
[White "Nielsen, Poul Erik"]
[Black "Nielsen, Steffen"]
[Result "1/2-1/2"]
[WhiteElo "2158"]
[BlackElo "2222"]
[PlyCount "39"]
[EventDate "2005.11.05"]
[EventType "team-tourn"]
[EventRounds "9"]
[EventCountry "DEN"]
[SourceTitle "EXT 2023"]
[Source "ChessBase"]
[SourceDate "2022.10.05"]
[SourceVersion "1"]
[SourceVersionDate "2022.10.05"]
[SourceQuality "1"]
[WhiteTeam "Nordre"]
[BlackTeam "Aalborg"]
[WhiteTeamCountry "DEN"]
[BlackTeamCountry "DEN"]

1. b3 Nf6 2. Bb2 d6 3. e3 g6 4. Bxf6 exf6 5. g3 Bg7 6. d4 f5 7. Ne2 0-0 8. Bg2 Nd7 9. c4 Re8 10. Nbc3 Nf6 11. Qc2 c6 12. 0-0 Qe7 13. Rae1 Bd7 14. Nf4 Ne4 15. Kh1 Rac8 16. Nd1 h5 17. f3 Nf6 18. h4 Rc7 19. Qd2 Bc8 20. Nf2 1/2-1/2

[Event "DEN-chT 0506"]
[Site "Denmark"]
[Date "2005.11.06"]
[Round "2.5"]
[White "Nielsen, Steffen"]
[Black "Larsen, Ole Bogh"]
[Result "1-0"]
[WhiteElo "2222"]
[BlackElo "2202"]
[PlyCount "81"]
[EventDate "2005.11.05"]
[EventType "team-tourn"]
[EventRounds "9"]
[EventCountry "DEN"]
[SourceTitle "EXT 2023"]
[Source "ChessBase"]
[SourceDate "2022.10.05"]
[SourceVersion "1"]
[SourceVersionDate "2022.10.05"]
[SourceQuality "1"]
[WhiteTeam "Aalborg"]
[BlackTeam "Helsingor"]
[WhiteTeamCountry "DEN"]
[BlackTeamCountry "DEN"]

1. e4 e5 2. Nf3 Nc6 3. Bc4 Bc5 4. c3 Nf6 5. d4 exd4 6. cxd4 Bb4+ 7. Nc3 d5 8. exd5 Nxd5 9. 0-0 Nxc3 10. bxc3 Be7 11. Qc2 0-0 12. Bd3 h6 13. Rb1 Bd6 14. Re1 Qf6 15. Qe2 Ne7 16. c4 Ng6 17. c5 Bf4 18. Bxg6 fxg6 19. Bxf4 Qxf4 20. Qe5 Qf7 21. Qg3 g5 22. Ne5 Qf5 23. Rb3 Qf4 24. Ng6 Qxg3 25. hxg3 Rd8 26. Ne7+ Kh7 27. d5 b6 28. c6 Bg4 29. Re5 Re8 30. Rbe3 Rad8 31. Kf1 Bh5 32. Ke1 Bf7 33. Kd2 Rd6 34. Kc3 Red8 35. Kd4 Bg6 36. a3 Be8 37. Nf5 Bxc6 38. Nxd6 Rxd6 39. Rf5 Bb7 40. Re7 c6 41. Rxb7 1-0

[Event "Politiken Cup 26th"]
[Site "Copenhagen"]
[Date "2004.08.01"]
[Round "10"]
[White "Nielsen, Steffen"]
[Black "Moller, Arne Vagn"]
[Result "1/2-1/2"]
[WhiteElo "2124"]
[BlackElo "1936"]
[PlyCount "21"]
[EventDate "2004.07.24"]
[EventType "swiss"]
[EventRounds "10"]
[EventCountry "DEN"]
[SourceTitle "CBM 101 Extra"]
[Source "ChessBase"]
[SourceDate "2004.09.01"]
[SourceVersion "2"]
[SourceVersionDate "2004.09.01"]
[SourceQuality "1"]

1. e4 c5 2. Nf3 d6 3. d4 cxd4 4. Nxd4 Nf6 5. Nc3 a6 6. Bg5 e6 7. f4 Be7 8. Qf3 Nc6 9. 0-0-0 Qc7 10. Qg3 h6 11. Bh4 1/2-1/2

[Event "Politiken Cup 26th"]
[Site "Copenhagen"]
[Date "2004.07.31"]
[Round "9"]
[White "Rosenkilde, Alexander"]
[Black "Nielsen, Steffen"]
[Result "1-0"]
[WhiteElo "1989"]
[BlackElo "2124"]
[PlyCount "77"]
[EventDate "2004.07.24"]
[EventType "swiss"]
[EventRounds "10"]
[EventCountry "DEN"]
[SourceTitle "CBM 101 Extra"]
[Source "ChessBase"]
[SourceDate "2004.09.01"]
[SourceVersion "2"]
[SourceVersionDate "2004.09.01"]
[SourceQuality "1"]

1. d4 Nf6 2. c4 g6 3. Nc3 Bg7 4. Nf3 0-0 5. e4 d6 6. Be2 e5 7. Be3 exd4 8. Nxd4 Re8 9. f3 c6 10. Nc2 Nh5 11. 0-0 g5 12. Qd2 h6 13. Rad1 Be5 14. c5 Re6 15. Bc4 Rg6 16. Bd4 Bf4 17. Qf2 Qc7 18. cxd6 Bxd6 19. e5 Bf8 20. Bd3 Re6 21. Ne4 Nd7 22. Bc4 Rg6 23. Rfe1 Nb6 24. Bd3 Re6 25. Ne3 Bb4 26. Nc3 Re8 27. h4 Be6 28. a3 Bf8 29. Ne4 Rad8 30. Ng4 Bg7 31. hxg5 hxg5 32. Nxg5 Bb3 33. Bh7+ Kh8 34. Bc2 Qe7 35. f4 Nxf4 36. Qh4+ Kg8 37. Bxb3 Nbd5 38. Nf6+ Kf8 39. Ngh7# 1-0

[Event "Politiken Cup 26th"]
[Site "Copenhagen"]
[Date "2004.07.25"]
[Round "3"]
[White "Holst, Allan"]
[Black "Nielsen, Steffen"]
[Result "1-0"]
[WhiteElo "2358"]
[BlackElo "2124"]
[PlyCount "83"]
[EventDate "2004.07.24"]
[EventType "swiss"]
[EventRounds "10"]
[EventCountry "DEN"]
[SourceTitle "CBM 101 Extra"]
[Source "ChessBase"]
[SourceDate "2004.09.01"]
[SourceVersion "2"]
[SourceVersionDate "2004.09.01"]
[SourceQuality "1"]

1. d4 Nf6 2. c4 g6 3. Nc3 Bg7 4. e4 d6 5. Nf3 0-0 6. Be2 e5 7. Be3 exd4 8. Nxd4 Re8 9. f3 Nc6 10. Nxc6 bxc6 11. Bd4 c5 12. Be3 Nd7 13. Qd2 Ne5 14. 0-0 Be6 15. b3 Nc6 16. Kh1 Nd4 17. Bd3 Qd7 18. Rae1 Rab8 19. Bh6 Bh8 20. Na4 Qc6 21. Bg5 Bg7 22. f4 f5 23. Nc3 Qd7 24. Bh4 Qf7 25. Bf2 Rbd8 26. exf5 Bxf5 27. Nd5 Kh8 28. Bh4 Rb8 29. Nc3 Rxe1 30. Bxe1 Re8 31. Nd5 c6 32. Ne3 Bc8 33. Qc1 Bh6 34. Bd2 Rf8 35. Qb2 Kg8 36. b4 Ne6 37. f5 Bg7 38. Qb1 Nd4 39. fxg6 Qe6 40. Rxf8+ Bxf8 41. gxh7+ Kh8 42. bxc5 1-0

[Event "Aarhus CC 100 Anniv op"]
[Site "Aarhus"]
[Date "2003.09.06"]
[Round "6"]
[White "Nielsen, Steffen"]
[Black "Jacobsen, Bo"]
[Result "0-1"]
[WhiteElo "2145"]
[BlackElo "2234"]
[PlyCount "36"]
[EventDate "2003.08.??"]
[EventType "swiss"]
[EventRounds "7"]
[EventCountry "DEN"]
[SourceTitle "EXT 2006"]
[Source "ChessBase"]
[SourceDate "2005.11.24"]
[SourceVersion "1"]
[SourceVersionDate "2005.11.24"]
[SourceQuality "1"]

1. e4 g6 2. d4 Bg7 3. Nc3 c6 4. f4 d5 5. e5 h5 6. Nf3 Nh6 7. Be2 Nd7 8. 0-0 Nf8 9. Na4 Bf5 10. b3 Ne6 11. Nh4 Be4 12. Be3 Qa5 13. Bd2 Qc7 14. Be3 Rd8 15. Bxh5 b5 16. Nc3 gxh5 17. f5 Ng4 18. Bc1 Nxd4 0-1

[Event "Aarhus CC 100 Anniv op"]
[Site "Aarhus"]
[Date "2003.08.31"]
[Round "3"]
[White "Nielsen, Steffen"]
[Black "Hoiberg, Nina"]
[Result "1-0"]
[WhiteElo "2145"]
[BlackElo "2217"]
[PlyCount "115"]
[EventDate "2003.08.??"]
[EventType "swiss"]
[EventRounds "7"]
[EventCountry "DEN"]
[SourceTitle "EXT 2006"]
[Source "ChessBase"]
[SourceDate "2005.11.24"]
[SourceVersion "1"]
[SourceVersionDate "2005.11.24"]
[SourceQuality "1"]

1. e4 e5 2. Nf3 Nc6 3. Bc4 Nf6 4. d4 exd4 5. 0-0 d6 6. Nxd4 Be7 7. Nc3 0-0 8. Re1 Bg4 9. f3 Bh5 10. Nf5 Ne5 11. Bb3 c6 12. Bg5 h6 13. Bh4 Qc7 14. Qd2 Kh7 15. Qf2 g5 16. Bg3 Rfe8 17. Rad1 Bf8 18. Rd2 b6 19. Red1 Rad8 20. Qf1 Bg6 21. Nd4 Nh5 22. Bf2 Nf4 23. Nce2 Ne6 24. a3 b5 25. Ng3 Nxd4 26. Bxd4 Bg7 27. Qf2 c5 28. Be3 Nc6 29. c3 a5 30. Bd5 Ne7 31. Qe2 Qb8 32. Kh1 b4 33. Qc4 Nxd5 34. Rxd5 f5 35. exf5 Bf7 36. Qd3 c4 37. Qb1 Rxe3 38. f6+ Bg6 39. Qc1 Rde8 40. fxg7 bxc3 41. bxc3 Qb7 42. Ne4 R3xe4 43. fxe4 Bxe4 44. Rxd6 Bxg2+ 45. Kg1 Be4 46. g8Q+ Kxg8 47. Rxh6 Qg7 48. Rh5 Bg6 49. Rxg5 Qf6 50. Qd2 Kh7 51. Qg2 Qxc3 52. Qf2 Qe3 53. Rd7+ Kh6 54. Qxe3 Rxe3 55. Rxa5 c3 56. Rc7 c2 57. Kf2 Rh3 58. a4 1-0

[Event "Eger Agria op"]
[Site "Eger"]
[Date "1996.??.??"]
[Round "5"]
[White "Toth, Adrienn"]
[Black "Nielsen, Steffen"]
[Result "0-1"]
[WhiteElo "2040"]
[BlackElo "2185"]
[PlyCount "64"]
[EventDate "1996.07.??"]
[EventType "swiss"]
[EventRounds "9"]
[EventCountry "HUN"]
[SourceTitle "EXT 2004"]
[Source "ChessBase"]
[SourceDate "2003.11.25"]
[SourceVersion "1"]
[SourceVersionDate "2003.11.25"]
[SourceQuality "1"]

1. e4 e5 2. Nf3 Nc6 3. Bb5 a6 4. Ba4 Nf6 5. 0-0 Be7 6. Re1 b5 7. Bb3 Bb7 8. c3 d5 9. exd5 Nxd5 10. Nxe5 Nxe5 11. Rxe5 Nf4 12. Bxf7+ Kxf7 13. Rf5+ Bf6 14. Rxf4 Qd3 15. Qf1 Be4 16. Rxe4 Qxe4 17. d4 Rhe8 18. Be3 Qc2 19. Nd2 Rxe3 20. fxe3 Qxd2 21. Qf3 Re8 22. e4 Kg8 23. Rf1 Rf8 24. e5 Be7 25. Qd5+ Kh8 26. Rxf8+ Bxf8 27. h3 Qxb2 28. Qf7 Qa3 29. Qxc7 b4 30. d5 bxc3 31. d6 Qc1+ 32. Kh2 Qf4+ 0-1